MARC

Tag First Indicator Second Indicator Subfields
LEADER 00000cam a22000008 4500
001 in00004470121
005 20210818135046.0
008 730809s1974 nyu b 11000 eng
010 |a  73013695  
020 |a 0070529477 
035 |a (OCoLC)00698756 
035 |z (UtOrBLW)10451 
035 |a 19423 
040 |a DLC  |c DLC  |d TXA  |d UtOrBLW 
049 |a TXAM [Also in] [Med Sci]  |c 1 [1131792]  |a TXAH  |c 2 [1131793] 
050 0 0 |a QL391.P7  |b B55 
059 |l MS/BOOK STKS  |t BOOK  |k CIRCULATING  |i 3238900136811  |j 1131793  |n NL  |a QL 391 P7  |b B55  |m 1 
060 4 |a QL 391.P7  |b B55 
245 0 0 |a Biology of the Turbellaria /  |c Edited by Nathan W. Riser and M. Patricia Morse. 
264 1 |a New York :  |b McGraw-Hill,  |c [1974] 
300 |a xxv, 530 pages cm. 
336 |a text  |2 rdacontent  |b txt 
337 |a unmediated  |2 rdamedia 
338 |a volume  |2 rdacarrier  |b nc 
490 1 |a McGraw-Hill series in the invertebrates 
500 |a At head of title: Libbie H. Hyman memorial volume. 
500 |a Papers prepared for a Libbie H. Hyman memorial symposium and presented at meetings of the American Association for the Advancement of Science held in Chicago, Dec. 1970, sponsored by the Division of Invertebrate Zoology of the American Society of Zoologists and co-sponsored by the Society of Systematic Zoology and the American Microscopical Society. 
504 |a "Bibliography of Libbie H. Hyman": p. 
504 |a Includes bibliographical references. 
520 8 |a Turbellaria 
700 1 |a Hyman, Libbie Henrietta,  |d 1888-1969. 
700 1 |a Riser, Nathan W. 
700 1 |a Morse, M. Patricia. 
710 2 |a American Association for the Advancement of Science. 
710 2 |a American Society of Zoologists.  |b Division of Invertebrate Zoology. 
710 2 |a Society of Systematic Zoology (U.S.) 
710 2 |a American Microscopical Society. 
830 0 |a McGraw-Hill series in the invertebrates. 
999 |a MARS 
999 f f |s 41689c4a-7707-35bb-aacd-2e8dd7bfaf0c  |i a8b8c6d1-aa5c-3feb-a970-23eaafbe6fc4  |t 0 
952 f f |p ric  |a Texas A&M University  |b Rellis Campus  |c Joint Library Facility  |d Remote Storage  |t 0  |e QL 391.P7 B55  |h National Library of Medicine classification  |i unmediated -- volume  |m 3238900136811 
998 f f |a QL 391.P7 B55  |t 0  |l Remote Storage